Τα αναλυτικά προγράμματα του δημοτικού σχολείου από το 1830 εως σήμερα και το ιστορικο-κοινωνικό πλαίσιο της εποχής τους : μια κριτική-συγκριτική θεώρηση : διπλωματική εργασία [μεταπτυχιακή εργασία]
Αποθηκεύτηκε σε:
| Κύριος συγγραφέας: | |
|---|---|
| Συγγραφή απο Οργανισμό/Αρχή: | |
| Άλλοι συγγραφείς: | |
| Μορφή: | Thesis Βιβλίο |
| Γλώσσα: | Greek |
| Δημοσίευση: |
2011
|
| Θέματα: | |
| Διαθέσιμο Online: | http://hdl.handle.net/11610/14328 |
| Ετικέτες: |
Προσθήκη ετικέτας
Δεν υπάρχουν, Καταχωρήστε ετικέτα πρώτοι!
|
MARC
| LEADER | 00000cam a2200000 i 4500 | ||
|---|---|---|---|
| 001 | 1/15140 | ||
| 008 | 110923s2011 gre d | ||
| 035 | |l 10110857 | ||
| 040 | |a GR-MY-UA |b gre |e aacr | ||
| 041 | 0 | |a gre | |
| 082 | 0 | |a 373.19 |2 (22) | |
| 100 | 1 | |a Κυρίτση, Ελισάβετ. | |
| 245 | 1 | 3 | |a Τα αναλυτικά προγράμματα του δημοτικού σχολείου από το 1830 εως σήμερα και το ιστορικο-κοινωνικό πλαίσιο της εποχής τους : |b μια κριτική-συγκριτική θεώρηση : διπλωματική εργασία [μεταπτυχιακή εργασία] / |c Ελισάβετ Κυρίτση ; επιβλέπων: Χατζηγεωργίου Ι. |
| 260 | |c 2011 | ||
| 300 | |a 237 σ.; |b πιν.; |c 30 εκ. | ||
| 500 | |a Μέλη εξεταστικής επιτροπής: Κοντάκος Α., Κόνσολας Μ. | ||
| 502 | |a Διατριβή (μεταπτυχιακή) – Πανεπιστήμιο Αιγαίου, Ρόδος, 2011. | ||
| 504 | |a Βιβλιογραφία: σ. 224-234 | ||
| 650 | 0 | 0 | |a Education, Primary |x Curricula. |
| 650 | 0 | 0 | |a Curriculum planning |z Greece. |
| 650 | 0 | |a Education |z Greece |x History. | |
| 650 | 0 | 0 | |a Dissertations, Academic |z Greece. |
| 650 | 0 | 0 | |a Education |x Curricula |z Greece. |
| 700 | 1 | |a Χατζηγεωργίου, Γιάννης. |4 ths | |
| 710 | 2 | |a Πανεπιστήμιο Αιγαίου |b Σχολή Ανθρωπιστικών Επιστημών |b Τμήμα Επιστημών της Προσχολικής Αγωγής και του Εκπαιδευτικού Σχεδιασμού |b Πρόγραμμα Μεταπτυχιακών Σπουδών Μοντέλα Σχεδιασμού και Ανάπτυξης Εκπαιδευτικών Μονάδων . | |
| 852 | |a INST |b RHODES |c DIATR |e 20110923 |h 373.19 ΚΥΡ |p 005400033615 |q 005400033615 |t MTXE |y 23 | ||
| 852 | |a INST |b RHODES |c DIATR |e 20110923 |h 373.19 ΚΥΡ |p 005400033616 |q 005400033616 |t MTXE |y 23 | ||
| 856 | |u http://hdl.handle.net/11610/14328 | ||
| 901 | |a BIBL4-2011-3 | ||
| 909 | |a Ρ |b 170261 | ||
| 909 | |a Ρ |b 170262 | ||
| 924 | |a ΚΥΡΙΤΣΗ |b ΕΛΙΣΑΒΕΤ |y ΡΟΔΟΣ |z 2011-09 | ||
| 970 | |z 2010/05/ | ||